Unscramble the Flavor of ice cream - Statistics

General Stats
  • This quiz has been taken 315 times
  • The average score is 9 of 11
Answer Stats
Hint Answer % Correct
colahceto Chocolate
97%
nbaana Banana
94%
bbrreuly Blueberry
88%
lappe Apple
87%
arep Pear
87%
rangoe Orange
86%
inalavl Vanilla
86%
oore Oreo
84%
lohccate-pich Chocolate-chip
77%
brysterwa Strawberry
74%
onpolienta Neapolitan
61%
No matching quizzes found
Score Distribution
Percent of People with Each Score
Percentile by Number Answered
Your Score History
You have not taken this quiz